Statistiques concernant Départements de France - plus peuplé au moins peuplé avec carte

Cliquez ici pour prendre le quiz!

Statistiques générales

  • Ce quiz a été pris 1 000 fois
  • Le résultat moyen est 45 sur 101

Réponses sur la Carte

Les réponses sont colorées sur une échelle allant du rouge au vert en fonction du pourcentage des utilisateurs qui les ont devinées à leur premier essai. Vous pouvez retrouver ces pourcentages ci-dessous.
Chargement ...
 

Statistiques - réponses

NomPopulation% Correct
Paris2 220 445
97%
Nord2 603 472
94%
Bouches-du-Rhône2 006 069
89%
Rhône1 801 885
86%
Seine-Saint-Denis1 571 028
79%
Hauts-de-Seine1 597 770
77%
Gironde1 526 016
73%
Yvelines1 421 670
72%
Pas-de-Calais1 472 589
71%
Val-de-Marne1 365 039
70%
Seine-et-Marne1 377 846
69%
Haute-Garonne1 317 668
68%
Loire-Atlantique1 346 592
67%
Essonne1 268 228
67%
Val-d'Oise1 205 539
67%
Bas-Rhin1 112 815
65%
Alpes-Maritimes1 083 312
64%
Seine-Maritime1 257 920
62%
Hérault1 107 398
62%
Isère1 243 597
61%
Var1 038 212
61%
Ille-et-Vilaine1 032 240
59%
Moselle1 045 154
57%
Finistère905 855
57%
Lozère76 360
55%
Oise818 680
54%
La Réunion842 767
53%
Haut-Rhin760 134
50%
Creuse120 581
50%
Loire757 305
48%
Maine-et-Loire805 888
46%
Haute-Savoie783 127
45%
Gard736 029
44%
Morbihan741 051
43%
Somme571 632
43%
Meurthe-et-Moselle732 153
41%
Loiret669 737
41%
Côtes-d'Armor597 397
40%
Vaucluse554 374
40%
Marne570 817
40%
Territoire de Belfort144 334
40%
Calvados691 670
40%
Cantal146 618
40%
Corse-du-Sud151 652
39%
Hautes-Alpes139 883
39%
Pyrénées-Atlantiques667 249
39%
Aisne539 783
39%
Ain626 127
39%
Savoie426 924
38%
Haute-Corse172 560
38%
Martinique383 911
38%
Côte-d'Or531 380
38%
Charente-Maritime637 089
38%
Drôme499 159
38%
Puy-de-Dôme644 216
37%
Manche499 958
37%
Vendée662 122
37%
Eure598 347
37%
Guadeloupe400 186
37%
Doubs534 710
37%
Sarthe568 760
36%
Ariège152 574
36%
Saône-et-Loire555 788
36%
Pyrénées-Orientales466 327
35%
Tarn384 474
35%
Indre-et-Loire603 924
35%
Landes400 477
35%
Mayotte212 645
35%
Vienne433 203
34%
Alpes-de-Haute-Provence161 588
34%
Eure-et-Loir433 762
34%
Lot173 648
34%
Corrèze241 340
34%
Guyane252 338
34%
Aveyron278 644
34%
Ardennes279 715
33%
Dordogne416 350
33%
Aude365 478
33%
Charente353 853
33%
Meuse191 530
32%
Gers190 625
32%
Haute-Vienne376 199
32%
Yonne341 814
32%
Deux-Sèvres373 553
31%
Allier343 062
31%
Lot-et-Garonne333 234
31%
Haute-Marne180 673
31%
Vosges373 560
31%
Tarn-et-Garonne252 578
31%
Jura260 681
31%
Ardèche322 381
30%
Haute-Loire226 565
30%
Cher310 270
30%
Orne287 750
30%
Mayenne307 471
29%
Loir-et-Cher333 567
29%
Hautes-Pyrénées228 950
29%
Nièvre213 569
28%
Haute-Saône238 347
28%
Aube308 094
28%
Indre226 175
27%

Distribution des résultats

Percentile par nombre de réponses

% des personnes avec chaque résultat

Votre développement - résultats

Vous n’avez pas pris ce quiz